Galatiate kianga Paula laikhak hilhchetna / (Record no. 10157)

MARC details
000 -LEADER
fixed length control field 00625nam a22001937a 4500
003 - CONTROL NUMBER IDENTIFIER
control field GBCCL
005 - DATE AND TIME OF LATEST TRANSACTION
control field 20241126110726.0
008 - FIXED-LENGTH DATA ELEMENTS--GENERAL INFORMATION
fixed length control field 240326b ||||| |||| 00| 0 eng d
040 ## - CATALOGING SOURCE
Transcribing agency gbc
082 ## - DEWEY DECIMAL CLASSIFICATION NUMBER
Classification number VER 227.407
Item number VUN
100 ## - MAIN ENTRY--PERSONAL NAME
Personal name Vung Minthang, S
9 (RLIN) 7244
245 ## - TITLE STATEMENT
Title Galatiate kianga Paula laikhak hilhchetna /
Statement of responsibility, etc. S Vung Minthang
260 ## - PUBLICATION, DISTRIBUTION, ETC.
Place of publication, distribution, etc. New Lamka:
Name of publisher, distributor, etc. Evangelical Baptist Convention,
Date of publication, distribution, etc. 2024
300 ## - PHYSICAL DESCRIPTION
Extent xii, 217 p.;
Dimensions 20 cm.
440 ## - SERIES STATEMENT/ADDED ENTRY--TITLE
Title Saptuam' Laisiangthou Hilhchetna.
9 (RLIN) 7247
650 ## - SUBJECT ADDED ENTRY--TOPICAL TERM
Topical term or geographic name entry element Bible
Form subdivision New Testament
General subdivision Galatians
-- commentary
9 (RLIN) 17618
650 ## - SUBJECT ADDED ENTRY--TOPICAL TERM
Topical term or geographic name entry element Sunday School,
Form subdivision EBC
9 (RLIN) 17619
942 ## - ADDED ENTRY ELEMENTS (KOHA)
Source of classification or shelving scheme Dewey Decimal Classification
Koha item type Books
Holdings
Withdrawn status Lost status Source of classification or shelving scheme Damaged status Not for loan Home library Current Library Shelving location Date acquired Total checkouts Full call number Barcode Date last seen Date last checked out Copy number Price effective from Koha item type
    Dewey Decimal Classification     GRACE BIBLE COLLEGE GRACE BIBLE COLLEGE Vernacular 2024-03-26 1 VER 227.407 VUN 016689 2025-08-28 2025-08-22 c.1 2024-03-26 Books
© Grace Bible College Library 2025